000 00871nam a2200241 a 4500
001 000023671
005 20200930022403.0
008 101217s1996 mx r 000 0 spa d
020 _a9682981336
040 _aDO-SdBNP
_bspa
_cBNPHU
082 _a849.91
_bL955a
100 1 _aLulio, Raimundo,
_d1235-1315.
_948767
245 1 0 _aAntología /
_cRaimundo Lulio ; selección y prólogo de Mauricio Beuchot.
260 _aMéxico, D.F. :
_bConsejo Nacional para la Cultura y las Artes,
_c1996.
300 _a272; [1] p. ;
_c21 cm.
490 1 _aCien del Mundo
500 _aCien obras imprescindibles para el conocimiento de la cultura universal
500 _aIncluye referencias bibliográficas y notas al pie de las páginas
650 4 _aLiteratura catalana
_93128
700 1 _aBeuchot, Mauricio
_epról.
_948768
830 0 _aCien del Mundo
_910588
049 _aBNGR
999 _c23167
_d23167